Effect of different rates of liquid organic fertilizer on chilli pepper in plastic house condition ឥទ្ធិពលជីធម្មជាតិទឹកកំរិតផ្សេងៗគ្នាទៅលើទិន្នផលដំណាំម្ទេសដៃនាងក្នុងលក្ខខណ្ឌផ្ទះពិសោធន៍ប្លាស្ទិច (Record no. 607)

000 -LEADER
fixed length control field 00744nam a22001577a 4500
003 - CONTROL NUMBER IDENTIFIER
control field OSt
005 - DATE AND TIME OF LATEST TRANSACTION
control field 20150917093031.0
008 - FIXED-LENGTH DATA ELEMENTS--GENERAL INFORMATION
fixed length control field 150917b xxu||||| |||| 00| 0 eng d
040 ## - CATALOGING SOURCE
Transcribing agency RUA
082 ## - DEWEY DECIMAL CLASSIFICATION NUMBER
Classification number AGR SOK 2005 B031 Or.1
100 ## - MAIN ENTRY--PERSONAL NAME
9 (RLIN) 633
Personal name SOKUN, PIDA.
245 ## - TITLE STATEMENT
Title Effect of different rates of liquid organic fertilizer on chilli pepper in plastic house condition ឥទ្ធិពលជីធម្មជាតិទឹកកំរិតផ្សេងៗគ្នាទៅលើទិន្នផលដំណាំម្ទេសដៃនាងក្នុងលក្ខខណ្ឌផ្ទះពិសោធន៍ប្លាស្ទិច
260 ## - PUBLICATION, DISTRIBUTION, ETC. (IMPRINT)
Place of publication, distribution, etc. Phnom Penh
Name of publisher, distributor, etc. RUA
Date of publication, distribution, etc. 2005
300 ## - PHYSICAL DESCRIPTION
Extent xiii; 47p.
Other physical details ill.
Dimensions 29cm.
942 ## - ADDED ENTRY ELEMENTS (KOHA)
Source of classification or shelving scheme
Koha item type AGR
Holdings
Price effective from Date last seen Permanent Location Not for loan Date acquired Source of classification or shelving scheme Koha item type Lost status Withdrawn status Date last checked out Total Checkouts Shelving location Damaged status Barcode Current Location Full call number
2015-09-172020-01-08Library Block B 2015-09-17 AGR  2020-01-034B031 RUA001323Library Block BAGR SOK 2005 B031 Or.1
2015-09-182023-12-19Library Block B 2015-09-18 AGR  2023-11-139B031 RUA002911Library Block BAGR SOK 2005 B031 Or.2
មជ្ឈមណ្ឌលឯការនៃសាកលវិទ្យាល័យភូមិន្ទកសិកម្មចំការដូង

Powered by Koha